<?xml version="1.0" encoding="UTF-8"?>
<record
    xmlns:xsi="http://www.w3.org/2001/XMLSchema-instance"
    xsi:schemaLocation="http://www.loc.gov/MARC21/slim http://www.loc.gov/standards/marcxml/schema/MARC21slim.xsd"
    xmlns="http://www.loc.gov/MARC21/slim">

  <leader>00646nam a22001577a 4500</leader>
  <controlfield tag="003">OSt</controlfield>
  <controlfield tag="005">20151218152815.0</controlfield>
  <controlfield tag="008">151216b        xxu||||| |||| 00| 0 eng d</controlfield>
  <datafield tag="040" ind1=" " ind2=" ">
    <subfield code="c">RUA</subfield>
  </datafield>
  <datafield tag="082" ind1=" " ind2=" ">
    <subfield code="a">AED HEM 2007 B224 Or.1</subfield>
  </datafield>
  <datafield tag="100" ind1=" " ind2=" ">
    <subfield code="9">4946</subfield>
    <subfield code="a">HEM, SARAN.</subfield>
  </datafield>
  <datafield tag="245" ind1=" " ind2=" ">
    <subfield code="a">The management of a small holder durian at sankat prey thom, khan keb, keb city, &#x1780;&#x17B6;&#x179A;&#x1782;&#x17D2;&#x179A;&#x1794;&#x17CB;&#x1782;&#x17D2;&#x179A;&#x1784;&#x178A;&#x17C6;&#x178E;&#x17B6;&#x17C6;&#x1792;&#x17BC;&#x179A;&#x17C1;&#x1793;&#x1787;&#x17B6;&#x179B;&#x1780;&#x17D2;&#x1781;&#x178E;&#x17C8;&#x1782;&#x17D2;&#x179A;&#x17BD;&#x179F;&#x17B6;&#x179A;&#x1793;&#x17C5;&#x179F;&#x1784;&#x17D2;&#x1780;&#x17B6;&#x178F;&#x17CB;&#x1796;&#x17D2;&#x179A;&#x17C3;&#x1792;&#x17C6; &#x1781;&#x178E;&#x17D2;&#x178C;&#x1780;&#x17C2;&#x1794; &#x1780;&#x17D2;&#x179A;&#x17BB;&#x1784;&#x1780;&#x17C2;&#x1794;</subfield>
  </datafield>
  <datafield tag="260" ind1=" " ind2=" ">
    <subfield code="a">Phnom Penh</subfield>
    <subfield code="b">RUA</subfield>
    <subfield code="c">2007</subfield>
  </datafield>
  <datafield tag="300" ind1=" " ind2=" ">
    <subfield code="a">ix, 43p.</subfield>
    <subfield code="b">ill.</subfield>
    <subfield code="c">29cm.</subfield>
  </datafield>
  <datafield tag="942" ind1=" " ind2=" ">
    <subfield code="2">ddc</subfield>
    <subfield code="c">AED</subfield>
  </datafield>
  <datafield tag="999" ind1=" " ind2=" ">
    <subfield code="c">4595</subfield>
    <subfield code="d">4595</subfield>
  </datafield>
  <datafield tag="952" ind1=" " ind2=" ">
    <subfield code="0">0</subfield>
    <subfield code="1">0</subfield>
    <subfield code="2">ddc</subfield>
    <subfield code="4">0</subfield>
    <subfield code="6">AED_HEM_2007_000000000000000_B224_OR_1</subfield>
    <subfield code="7">0</subfield>
    <subfield code="9">23745</subfield>
    <subfield code="a">LBB</subfield>
    <subfield code="b">LBB</subfield>
    <subfield code="c">B224</subfield>
    <subfield code="d">2015-12-16</subfield>
    <subfield code="o">AED HEM 2007 B224 Or.1</subfield>
    <subfield code="p">RUA030272</subfield>
    <subfield code="r">2015-12-16</subfield>
    <subfield code="w">2015-12-16</subfield>
    <subfield code="y">AED</subfield>
  </datafield>
  <datafield tag="952" ind1=" " ind2=" ">
    <subfield code="0">0</subfield>
    <subfield code="1">0</subfield>
    <subfield code="2">ddc</subfield>
    <subfield code="4">0</subfield>
    <subfield code="6">AED_HEM_2007_000000000000000_B224_OR_2</subfield>
    <subfield code="7">0</subfield>
    <subfield code="9">23746</subfield>
    <subfield code="a">LBB</subfield>
    <subfield code="b">LBB</subfield>
    <subfield code="c">B224</subfield>
    <subfield code="d">2015-12-16</subfield>
    <subfield code="l">1</subfield>
    <subfield code="o">AED HEM 2007 B224 Or.2</subfield>
    <subfield code="p">RUA043120</subfield>
    <subfield code="r">2017-10-22</subfield>
    <subfield code="s">2017-08-29</subfield>
    <subfield code="w">2015-12-16</subfield>
    <subfield code="y">AED</subfield>
  </datafield>
  <datafield tag="952" ind1=" " ind2=" ">
    <subfield code="0">0</subfield>
    <subfield code="1">0</subfield>
    <subfield code="2">ddc</subfield>
    <subfield code="4">0</subfield>
    <subfield code="6">AED_HEM_2007_000000000000000_B224_OR_3</subfield>
    <subfield code="7">0</subfield>
    <subfield code="9">23747</subfield>
    <subfield code="a">LBB</subfield>
    <subfield code="b">LBB</subfield>
    <subfield code="c">B224</subfield>
    <subfield code="d">2015-12-16</subfield>
    <subfield code="o">AED HEM 2007 B224 Or.3</subfield>
    <subfield code="p">RUA41444</subfield>
    <subfield code="r">2015-12-16</subfield>
    <subfield code="w">2015-12-16</subfield>
    <subfield code="y">AED</subfield>
  </datafield>
  <datafield tag="952" ind1=" " ind2=" ">
    <subfield code="0">0</subfield>
    <subfield code="1">0</subfield>
    <subfield code="2">ddc</subfield>
    <subfield code="4">0</subfield>
    <subfield code="6">AED_HEM_2007_000000000000000_B224_OR_4</subfield>
    <subfield code="7">0</subfield>
    <subfield code="9">23748</subfield>
    <subfield code="a">LBB</subfield>
    <subfield code="b">LBB</subfield>
    <subfield code="c">B224</subfield>
    <subfield code="d">2015-12-16</subfield>
    <subfield code="o">AED HEM 2007 B224 Or.4</subfield>
    <subfield code="p">RUA043178</subfield>
    <subfield code="r">2015-12-16</subfield>
    <subfield code="w">2015-12-16</subfield>
    <subfield code="y">AED</subfield>
  </datafield>
  <datafield tag="952" ind1=" " ind2=" ">
    <subfield code="0">0</subfield>
    <subfield code="1">0</subfield>
    <subfield code="2">ddc</subfield>
    <subfield code="4">0</subfield>
    <subfield code="6">AED_HEM_2007_000000000000000_B224_OR_4</subfield>
    <subfield code="7">0</subfield>
    <subfield code="9">23749</subfield>
    <subfield code="a">LBB</subfield>
    <subfield code="b">LBB</subfield>
    <subfield code="c">B224</subfield>
    <subfield code="d">2015-12-16</subfield>
    <subfield code="o">AED HEM 2007 B224 Or.4</subfield>
    <subfield code="p">RUA043000</subfield>
    <subfield code="r">2015-12-16</subfield>
    <subfield code="w">2015-12-16</subfield>
    <subfield code="y">AED</subfield>
  </datafield>
  <datafield tag="952" ind1=" " ind2=" ">
    <subfield code="0">0</subfield>
    <subfield code="1">0</subfield>
    <subfield code="2">ddc</subfield>
    <subfield code="4">0</subfield>
    <subfield code="6">AED_HEM_2007_000000000000000_B224_OR_5</subfield>
    <subfield code="7">0</subfield>
    <subfield code="9">23750</subfield>
    <subfield code="a">LBB</subfield>
    <subfield code="b">LBB</subfield>
    <subfield code="c">B224</subfield>
    <subfield code="d">2015-12-16</subfield>
    <subfield code="l">1</subfield>
    <subfield code="o">AED HEM 2007 B224 Or.5</subfield>
    <subfield code="p">RUA41146</subfield>
    <subfield code="r">2025-03-10</subfield>
    <subfield code="s">2025-02-06</subfield>
    <subfield code="w">2015-12-16</subfield>
    <subfield code="y">AED</subfield>
  </datafield>
  <datafield tag="952" ind1=" " ind2=" ">
    <subfield code="0">0</subfield>
    <subfield code="1">0</subfield>
    <subfield code="2">ddc</subfield>
    <subfield code="4">0</subfield>
    <subfield code="6">AED_HEM_2007_000000000000000_B224_OR_6</subfield>
    <subfield code="7">0</subfield>
    <subfield code="9">23751</subfield>
    <subfield code="a">LBB</subfield>
    <subfield code="b">LBB</subfield>
    <subfield code="c">B224</subfield>
    <subfield code="d">2015-12-16</subfield>
    <subfield code="l">1</subfield>
    <subfield code="o">AED HEM 2007 B224 Or.6</subfield>
    <subfield code="p">RUA40841</subfield>
    <subfield code="r">2023-08-21</subfield>
    <subfield code="s">2023-08-09</subfield>
    <subfield code="w">2015-12-16</subfield>
    <subfield code="y">AED</subfield>
  </datafield>
  <datafield tag="952" ind1=" " ind2=" ">
    <subfield code="0">0</subfield>
    <subfield code="1">0</subfield>
    <subfield code="2">ddc</subfield>
    <subfield code="4">0</subfield>
    <subfield code="6">AED_HEM_2007_000000000000000_B224_OR_7</subfield>
    <subfield code="7">0</subfield>
    <subfield code="9">23752</subfield>
    <subfield code="a">LBB</subfield>
    <subfield code="b">LBB</subfield>
    <subfield code="c">B224</subfield>
    <subfield code="d">2015-12-16</subfield>
    <subfield code="l">1</subfield>
    <subfield code="o">AED HEM 2007 B224 Or.7</subfield>
    <subfield code="p">RUA41442</subfield>
    <subfield code="r">2018-11-13</subfield>
    <subfield code="s">2018-11-02</subfield>
    <subfield code="w">2015-12-16</subfield>
    <subfield code="y">AED</subfield>
  </datafield>
  <datafield tag="952" ind1=" " ind2=" ">
    <subfield code="0">0</subfield>
    <subfield code="1">0</subfield>
    <subfield code="2">ddc</subfield>
    <subfield code="4">0</subfield>
    <subfield code="6">AED_HEM_2007_000000000000000_B224_OR_8</subfield>
    <subfield code="7">0</subfield>
    <subfield code="9">24864</subfield>
    <subfield code="a">LBB</subfield>
    <subfield code="b">LBB</subfield>
    <subfield code="c">B224</subfield>
    <subfield code="d">2015-12-18</subfield>
    <subfield code="o">AED HEM 2007 B224 Or.8</subfield>
    <subfield code="p"> RUA034462</subfield>
    <subfield code="r">2015-12-18</subfield>
    <subfield code="w">2015-12-18</subfield>
    <subfield code="y">AED</subfield>
  </datafield>
</record>
